000 00809nam a2200229Ia 4500
003 GCL
008 140319s9999 xx 000 0 ara d
040 _aGCL /
_cGCL
082 0 4 _a301.32
_bم ت
100 1 _aالمجلس القومى للانتاج الشئون ا
245 1 0 _aتجربة مصر الناجحة فى تنظيم الاسرة /
_cالمجلس القومى للانتاج الشئون ا
700 1 _aالمجلس القومى للسكان
300 _a17
490 _aالهيئة العامة للاستعلامات
_v0
650 0 4 _aالسكان
650 0 4 _aالسكان - علم
650 0 4 _aالانفجار السكانى
650 0 4 _aتنظيم الاسرة
650 0 4 _aتعداد السكان
650 0 4 _aالاحصائيات السكانية
942 _2ddc
_cBK
999 _c52208
_d52208